| 000 | 00536nam a2200205I 4500 | ||
|---|---|---|---|
| 999 |
_c4448 _d4448 |
||
| 001 | 3134700 | ||
| 003 | OCoLC | ||
| 005 | 20190124115417.0 | ||
| 008 | 770722s1961 xx 000 0 eng d | ||
| 035 | _atcgc112526 | ||
| 040 |
_aCSM _cCSM _dm.c. _dOPT |
||
| 082 |
_a133 _bK76B |
||
| 090 |
_aBF1501 _b.K6 |
||
| 100 | 1 | _aKoch, Kurt E. | |
| 245 | 1 | 0 |
_aBetween Christ and Satan / _cby Kurt E. Koch. |
| 260 |
_aBerghausen Bd, Ger. : _bEvangelization Publishers, _c[1961] |
||
| 300 |
_a255p ; _c19cm |
||
| 650 | 0 | _aDemonology. | |
| 942 |
_2ddc _cBK |
||